Quick True/False: World Capitals 14 Quiz Stats

Quiz not verified by Sporcle

Challenge
Share
Tweet
Embed
Score 0/12 Timer 00:30
0 Plays Today
Question Answer Wrong Answers
Budapest is the capital of Hungary. True
94.8%
False
0.8%
Arequipa is the capital of Peru. False
92.3%
True
3.6%
Les Escaldes is the capital of Andorra. False
89.7%
True
6.1%
Al Rayyan is the capital of Qatar. False
88.3%
True
7.7%
Odessa is the capital of Ukraine. False
87.9%
True
8.4%
Podgorica is the capital of Montenegro. True
87.4%
False
8.6%
Kampala is the capital of Uganda. True
87.3%
False
8.8%
Toamasina is the capital of Madagascar. False
86.9%
True
9.4%
Thimphu is the capital of Bhutan. True
83%
False
12.4%
Moroni is the capital of Comoros. True
80%
False
15.3%
Maseru is the capital of Lesotho. True
79.2%
False
16.1%
Freeport is the capital of the Bahamas. False
66.7%
True
29.3%

You're not logged in!

Compare scores with friends on all Sporcle quizzes.
Sign Up with Email
OR
Log In

You Might Also Like...

Show Comments

Extras

Top Quizzes Today


Score Distribution

Your Account Isn't Verified!

In order to create a playlist on Sporcle, you need to verify the email address you used during registration. Go to your Sporcle Settings to finish the process.